5HLuxD.jpg

KING HENRY VIII SENIOR AND PRIMARY SCHOOL LIBRARY OPAC

The girl who hated ponies (Record no. 2252)

000 -LEADER
fixed length control field 00652nam a22002177a 4500
005 - DATE AND TIME OF LATEST TRANSACTION
control field 20230405104405.0
008 - FIXED-LENGTH DATA ELEMENTS--GENERAL INFORMATION
fixed length control field 230405b ||||| |||| 00| 0 eng d
020 ## - INTERNATIONAL STANDARD BOOK NUMBER
International Standard Book Number 9781865049953
040 ## - CATALOGING SOURCE
Transcribing agency KH8
082 ## - DEWEY DECIMAL CLASSIFICATION NUMBER
Classification number FIC BET
100 ## - MAIN ENTRY--PERSONAL NAME
Personal name Betancourt, Jeanne
Relator term author
245 ## - TITLE STATEMENT
Title The girl who hated ponies
Statement of responsibility, etc. Jeanne Betancourt
260 ## - PUBLICATION, DISTRIBUTION, ETC.
Place of publication, distribution, etc. New York,
Name of publisher, distributor, etc. Scholastic,
Date of publication, distribution, etc. ©1997
300 ## - PHYSICAL DESCRIPTION
Extent 83 pages
Other physical details illustrations
Dimensions 20 cm
440 ## - SERIES STATEMENT/ADDED ENTRY--TITLE
Title Pony pals
521 ## - TARGET AUDIENCE NOTE
Target audience note RL3. Lexile: 520. 007-010.
650 ## - SUBJECT ADDED ENTRY--TOPICAL TERM
Topical term or geographic name entry element Amitié Romans
Form subdivision nouvelles,
General subdivision pour la jeunesse
650 ## - SUBJECT ADDED ENTRY--TOPICAL TERM
Topical term or geographic name entry element Children and animals Fiction
650 ## - SUBJECT ADDED ENTRY--TOPICAL TERM
Topical term or geographic name entry element Children's Stories
942 ## - ADDED ENTRY ELEMENTS (KOHA)
Source of classification or shelving scheme
Koha item type Books - Fiction
Holdings
Withdrawn status Lost status Source of classification or shelving scheme Damaged status Not for loan Collection code Permanent Location Current Location Shelving location Date acquired Total Checkouts Total Renewals Full call number Barcode Date last seen Date last checked out Price effective from Koha item type
          Fiction KH8 Primary School Library KH8 Primary School Library Fiction 2023-04-05 4 1 FIC BET KHPL000003998 2025-12-05 2024-11-06 2023-04-05 Books - Fiction

Powered By KH8 IT Dept